000 00347 a2200133 4500
020 _a0671422294
040 _aDLC
_bDLC
082 0 _a823.914
100 1 0 _aArcher, Jeffrey,
245 1 4 _aThe prodigal daughter
_cJeffrey Archer.
260 0 _aLondon :
_bHarper Collins Publishers,
_c1982.
300 _a464 p. ;
_c18 cm.
942 _cBK
_k823.914 ARC
_2ddc
999 _c9567
_d9567